|
|
|
|
| LEADER |
00000nam a22000007a 4500 |
| 003 |
CL-VaPUC |
| 005 |
20250416101825.0 |
| 008 |
250416t2001 ||||| |||| 00| 0 eng d |
| 999 |
|
|
|c 449092
|d 449090
|
| 020 |
|
|
|a 9583503266
|
| 020 |
|
|
|a 9583503274t.I
|
| 020 |
|
|
|a 9583503282t.II
|
| 040 |
|
|
|c Pontificia Universidad Católica de Valparaíso
|
| 082 |
0 |
4 |
|2 21
|a 346.04 ALE 2001
|
| 100 |
1 |
|
|a Alessandri Rodríguez, Arturo
|e autor
|9 902147
|
| 245 |
1 |
0 |
|a Tratado de los derechos reales.
|b Bienes.
|
| 250 |
|
|
|a Sexta edición.
|b Reimpresión.
|
| 260 |
|
|
|a Santiago, Chile:
|b Jurídica,
|c 2001
|
| 300 |
|
|
|a 2 tomos
|
| 505 |
|
|
|a t.I: -Capítulo I. De los Derechos Reales en General. -Capítulo II. De la Propiedad. -Capítulo III. La Copropiedad. -Capítulo IV. De los modos de adquirir el dominio en general -Capítulo V. De la Ocupación. -Capítulo VI. De la Accesión. -Capítulo VII. De la Tradición. -Capítulo VIII. Propiedades Especiales. -Capítulo IX. Derechos Privados sobre Bienes Nacionales. -Capítulo X. Derechos sobre Bienes Inmateriales. -Capítulo XI. La Posesión. t.II: -Capítulo XII. La Prescripción Adquisitiva. -Capítulo XIII. De los Derechos Reales Limitados y de las Limitaciones del Dominio. -Capítulo XIV. La Propiedad Fiduciaria. -Capítulo XV. Del Usufructo. -Capítulo XVI. De los Derechos de Uso y de Habitación. -Capítulo XVII. De las Servidumbres. -Capítulo XVIII. Existencia de otros Derechos Reales. -Capítulo XIX. La Reivindicación. -Capítulo XX. Las Acciones Posesorias.
|
| 583 |
|
|
|c 20250416
|k Valeria Valenzuela
|
| 650 |
1 |
|
|a Derecho de propiedad
|x Derechos reales
|x Bienes
|z Chile
|9 902130
|
| 700 |
|
|
|a Somarriva Undurraga, Manuel
|e autor
|9 902148
|
| 700 |
|
|
|a Vodanovic Haklicka, Antonio
|e autor
|9 902150
|
| 942 |
|
|
|2 ddc
|c BK
|
| 952 |
|
|
|0 0
|1 0
|4 0
|6 346_040000000000000_ALE_2001
|7 0
|8 A
|9 297463
|a BIBDER
|b BIBDER
|d 2019-11-20
|h t.I
|i 4026756
|o 346.04 ALE 2001
|p 4026756
|r 2023-01-25
|w 2019-11-20
|y BK
|k DER
|
| 952 |
|
|
|0 0
|1 0
|4 0
|6 346_040000000000000_ALE_2001
|7 0
|8 A
|9 297464
|a BIBDER
|b BIBDER
|d 2019-11-20
|h t.II
|i 4026772
|o 346.04 ALE 2001
|p 4026772
|r 2023-01-25
|w 2019-11-20
|y BK
|k DER
|